000 00739nam a22002057a 4500
999 _c718
_d718
003 AR-CdUCM
008 190225b ||||| |||| 00| 0 spa d
040 _aMUNICIPALIDAD PROVINCIAL DEL CUSCO
_cBIBLIOTECA MUNICIPAL DEL CUSCO
082 _a808.8 /
_bD25
100 _aDarío, Rubén
_92765
245 _aAntología poética :
_bHistoria universal de la literatura /
260 _aColombia :
_bOveja negra,
_c1982.
300 _a175 páginas ;
_c18 cm.
505 _aContenido: Epístolas y poemas -- Abrojos -- Rimas -- Prosa profanas -- El canto errante -- Poema del otoño y otros poemas ...
650 _aPoesías nicaragüenses
_92766
650 _aSiglo XIX
_9971
650 _aLiteratura
_983
942 _2ddc
_cLIBROS
945 _aachl